000
00302nam a2200145Ia 4500
100
_a
Deikman alan
250
_a
2
942
_c
BK
654
_a
unix
245
_a
Unix programming on the 80286/80386
260
_b
BPB
_a
New Delhi
_c
1989
082
_a
5.13
_b
DEI
300
_a
446
546
_a
ENGLISH
999
_c
23914
_d
23914